|
|
|
|
| LEADER |
00000nam0a2200000 4500 |
| 001 |
226644 |
| 005 |
20231101230739.0 |
| 035 |
|
|
|a (RuTPU)RU\TPU\book\247031
|
| 090 |
|
|
|a 226644
|
| 100 |
|
|
|a 20121126d1930 km y0rusy50 ca
|
| 101 |
1 |
|
|a rus
|c eng
|
| 102 |
|
|
|a RU
|
| 105 |
|
|
|a a z 000zy
|
| 200 |
1 |
|
|a Электрическая сигнализация с описанием всех типов новейшей сигнализации, начиная от обыкновенной звонковой сигнализации и номераторов и кончая железнодорожной сигнализацией и сигнализацией в электрических подъемниках, на центральных электрических станциях и др. с 465 чертежами и схемами в тексте
|e пер. с англ.
|f Т. Крофт
|
| 210 |
|
|
|a Москва
|c Госнаучтехиздат
|d 1930
|
| 215 |
|
|
|a 340 с.
|c ил.
|
| 225 |
1 |
|
|a Библиотека техника
|
| 606 |
1 |
|
|a Электроэнергетика
|2 stltpush
|3 (RuTPU)RU\TPU\subj\21036
|9 46086
|
| 610 |
1 |
|
|a электрические аппараты
|
| 610 |
1 |
|
|a электрические приборы
|
| 610 |
1 |
|
|a электрическая техника
|
| 610 |
1 |
|
|a сигнализация
|
| 675 |
|
|
|a 621.31
|v 3
|
| 700 |
|
1 |
|a Крофт
|b Т.
|g Террел
|
| 801 |
|
1 |
|a RU
|b 63413507
|c 20121126
|
| 801 |
|
2 |
|a RU
|b 63413507
|c 20130611
|g RCR
|
| 942 |
|
|
|c BK
|